[Event "AUTO-OPEN-4626"]
[Site "http://www.queenalice.com/game.php?id=1866079"]
[Date "2025.11.24"]
[Round "1"]
[White "Shizumaru_Hisame"]
[Black "Fredo"]
[Result "1-0"]
[WhiteElo "1940"]
[BlackElo "2118"]

1. e4 c5 2. Bc4 e6 3. Qg4 d5 4. Bb5+ Nc6 5. d3 Nf6 6. Qe2 Be7 7. Nf3 O-O 8. e5
Nd7 9. Bf4 a6 10. Bxc6 bxc6 11. Nc3 d4 12. Ne4 Qb6 13. b3 Bb7 14. O-O-O Qb4 15.
Kb1 Qa3 16. Bc1 Qa5 17. Nd6 Bxd6 18. exd6 Rfe8 19. h4 e5 20. h5 Re6 21. g4 Rae8
22. g5 Rxd6 23. Rdg1 c4 24. dxc4 c5 25. Rh3 e4 26. Ne1 Nf8 27. f3 Rde6 28. f4 d3
29. Qf2 Qb4 30. cxd3 a5 31. Qb2 exd3 32. Nxd3 Be4 33. Ka1 Bf5 34. Nxb4 Bxh3 35.
Nd3 Nd7 36. h6 1-0

[Event "AUTO-OPEN-4626"]
[Site "http://www.queenalice.com/game.php?id=1866080"]
[Date "2025.11.24"]
[Round "1"]
[White "Fredo"]
[Black "Shizumaru_Hisame"]
[Result "1-0"]
[WhiteElo "2113"]
[BlackElo "1904"]

1. e4 d5 2. exd5 Qxd5 3. Nc3 Qd8 4. d4 a6 5. Nf3 Nc6 6. d5 Na7 7. Bd3 h6 8. O-O
Nf6 9. Bc4 Bf5 10. Re1 Qd7 11. Ne5 Qd8 12. d6 e6 13. d7+ Nxd7 14. g4 Bh7 15.
Nxf7 Qh4 16. Bxe6 Bd6 17. Nxd6+ cxd6 18. Qxd6 Nf6 19. Bf5+ Kf7 20. Qe7+ Kg8 21.
Be6# 1-0

[Event "AUTO-OPEN-4626"]
[Site "http://www.queenalice.com/game.php?id=1866081"]
[Date "2025.11.24"]
[Round "1"]
[White "Shizumaru_Hisame"]
[Black "jpribeiro"]
[Result "1-0"]
[WhiteElo "1900"]
[BlackElo "1330"]

1. e4 c5 2. Nf3 d6 3. Bc4 Nc6 4. Ng5 e6 5. d3 d5 6. Bb3 Be7 7. Nh3 h6 8. Bd2 b5
9. c4 bxc4 10. dxc4 Ne5 11. cxd5 exd5 12. Bxd5 Bg4 13. f3 Bh4+ 14. Nf2 1-0

[Event "AUTO-OPEN-4626"]
[Site "http://www.queenalice.com/game.php?id=1866082"]
[Date "2025.11.24"]
[Round "1"]
[White "jpribeiro"]
[Black "Shizumaru_Hisame"]
[Result "0-1"]
[WhiteElo "1328"]
[BlackElo "1902"]

1. e4 d5 2. Nf3 dxe4 3. Ng5 Nf6 4. d3 exd3 5. Bxd3 e5 6. Bb5+ Bd7 7. Bc4 Bb4+ 8.
c3 Bxc3+ 9. Nxc3 O-O 10. Qb3 Be8 11. Qxb7 Bc6 12. Qb3 Bxg2 13. Rg1 Bc6 14. Nxf7
Qd4 0-1

[Event "AUTO-OPEN-4626"]
[Site "http://www.queenalice.com/game.php?id=1866084"]
[Date "2025.11.24"]
[Round "1"]
[White "mvson33"]
[Black "Shizumaru_Hisame"]
[Result "0-1"]
[WhiteElo "1955"]
[BlackElo "1923"]

1. Nf3 d5 2. d4 Bd7 3. e3 c5 4. dxc5 Qa5+ 5. Bd2 Qxc5 6. Nc3 Bc6 7. Be2 Nd7 8.
O-O Qb6 9. Rb1 e5 10. Qc1 Bd6 11. a3 O-O-O 12. Rd1 f5 13. Be1 Ngf6 14. Ng5 Rdf8
15. Nf3 Rhg8 16. Ng5 h5 17. Nf3 g5 18. Qd2 f4 19. exf4 exf4 20. Qd4 g4 21. Nh4
g3 22. Qxb6 Nxb6 23. Nf3 Rf7 24. Rd2 Bc7 25. Rbd1 Nc4 26. Bxc4 dxc4 27. h3 gxf2+
28. Kxf2 Rfg7 29. Kf1 Bb6 30. b3 Be3 31. Rd6 Bxf3 0-1

[Event "AUTO-ADV-4908"]
[Site "http://www.queenalice.com/game.php?id=1866879"]
[Date "2025.12.11"]
[Round "1"]
[White "askasl159"]
[Black "Shizumaru_Hisame"]
[Result "0-1"]
[WhiteElo "1838"]
[BlackElo "1910"]

1. e4 d5 2. e5 d4 3. Bc4 e6 4. Nf3 Bc5 5. O-O Bd7 6. a3 a5 7. c3 Bc6 8. cxd4
Bxf3 9. Qxf3 Bxd4 10. Qxb7 Nd7 0-1

[Event "AUTO-OPEN-4526"]
[Site "http://www.queenalice.com/game.php?id=1867343"]
[Date "2025.12.23"]
[Round "2"]
[White "Shizumaru_Hisame"]
[Black "josebaron"]
[Result "1/2-1/2"]
[WhiteElo "1963"]
[BlackElo "2171"]

1. d4 d5 2. Bd2 Nc6 3. Bc3 Nf6 4. e3 e6 5. Nd2 Bb4 6. Bxb4 Nxb4 7. Ngf3 O-O 8.
a3 Nc6 9. Bd3 h6 10. Qe2 Re8 11. O-O-O a5 12. Rdg1 e5 13. dxe5 Nxe5 14. Nxe5
Rxe5 15. f4 Re8 16. h3 Ne4 17. g4 Nxd2 18. Qxd2 Qh4 1/2-1/2